01429cam a22002534a 4500999001700000001000900017005001700026008004100043010001700084020002800101042000800129050002100137100002100158245010200179246004900281260004100330300002600371504006400397505045400461650004500915856007800960942001501038952012201053 c27977d279771357570220170213100758.0040428s2004 nhu b 001 0 eng  a 2004010030 a0325006032 (alk. paper) apcc00aNX303.A1F55 20041 aFineberg, Carol.10aCreating islands of excellence :barts education as a partner in school reform /cCarol Fineberg.30aArts education as a partner in school reform aPortsmouth, NH :bHeinemann,cc2004. axii, 179 p. ;c23 cm. aIncludes bibliographical references (p. 171-175) and index.0 aIntroduction -- Personal past, lessons learned -- Formation of arts education policies -- Strategies of reform: partnerships, alliances and coalitions -- Artists in education -- Curriculum development for elementary and middle schools -- Curriculum development for high schools -- Integrated learning -- Evaluation and assessment -- Identifying conditions that contribute to exemplary work -- Schools of choice -- Forecasting and molding the future. 0aArtsxStudy and teachingzUnited States.413Table of contentsuhttp://www.loc.gov/catdir/toc/ecip0417/2004010030.html 2lcccBOOKS 00102lcc4070aMUCbMUCcTECHd2017-02-13eDonation(BFA)l0oNX303.A1F55 2004p35832r2018-07-16w2017-02-13yBOOKS